Κατάλογος Βιβλιοθηκών Mediterranean College

Συμβουλευτική Ψυχολογία (Record no. 6326)

MARC details
000 -LEADER
fixed length control field 01930cam a22001934a 4500
005 - ΗΜΕΡΟΜΗΝΙΑ ΚΑΙ ΩΡΑ ΤΕΛΕΥΤΑΙΑΣ ΕΝΗΜΕΡΩΣΗΣ
Πεδίο ελέγχου 20250605163532.0
008 - FIXED-LENGTH DATA ELEMENTS--GENERAL INFORMATION
Πεδίο ελέγχου σταθερού μήκους 250528s ||||||||||||||||||||||||d
035 ## - SYSTEM CONTROL NUMBER
System control number 21259
020 ## - ISBN
ISBN 9789605460174
040 ## - ΠΗΓΗ ΚΑΤΑΛΟΓΟΓΡΑΦΗΣΗΣ
Φορέας πρωτότυπης καταλογογράφησης MC Athens Campus Library
Γλώσσα καταλογογράφησης Ελληνικά, Μοντέρνα (1453-)
Modifying agency MC Athens Campus Library
Κανόνες περιγραφικής καταλογογράφησης AACR2
245 1# - ΤΙΤΛΟΣ ΚΑΙ ΔΗΛΩΣΗ ΥΠΕΥΘΥΝΟΤΗΤΑΣ
Τίτλος Συμβουλευτική Ψυχολογία
260 ## - PUBLICATION, DISTRIBUTION, ETC.
Name of publisher, distributor, etc. Ελληνικά Γράμματα,
Date of publication, distribution, etc. 2012
300 ## - PHYSICAL DESCRIPTION
Extent 576
520 ## - SUMMARY, ETC.
Summary, etc. Νέα αναθεωρημένη έκδοση οπου περιγράφεται αναλυτικά το αντικείμενο της συμβουλευτικής ψυχολογίας. Πρόλογος, Εισαγωγικές Έννοιες και Ορισμοί, Εισαγωγή, Είδη Συμβουλευτικής Ψυχολογίας, Θεωρητικές Προσεγγίσεις, Θεωρητικές Έννοιες, Ψυχαναλυτικές - Ψυχοδυναμικές Θεωρίες, Ανθρωπιστικές - Υπαρξιακές Θεωρίες, Γνωστικές - Συμπεριφοριστικές Θεωρίες, Σύγκριση Συμβουλευτικών Ψυχολογικών Θεωριών, Σύγχρονές Προσεγγίσεις της Συμβουλευτικής Ψυχολογίας, Η Συμβουλευτική Σχέση και Διαδικασία, Παράγοντες της Βοηθητικής Συμβουλευτικής Σχέσης, Οι Εμπλεκόμενοι στη Συμβουλευτική Διαδικασία, Η Συμβουλευτική Διαδικασία, Συμπεράσματα Ερευνών για την Αποτελεσματικότητα της Συμβουλευτικής Ψυχολογίας, Κώδικας Δεοντολογίας και Διαγωγής της Βρετανικής Ψυχολογικής Εταιρείας (2009).
700 1# - ΠΡΟΣΘΕΤΗ ΑΝΑΓΡΑΦΗ--ΦΥΣΙΚΟ ΠΡΟΣΩΠΟ
Personal name Μαλικιώση - Λοϊζου Μαρία
942 ## - ADDED ENTRY ELEMENTS (KOHA)
Koha item type Books
Holdings
Τύπος τεκμηρίου Βιβλιοθήκη Τρέχουσα τοποθεσία Barcode Αριθμός εισαγωγής Ημερομηνία απόκτησης Ταξιθετικό σύμβολο Αριθμός αντιτύπου Κατάσταση απόσυρσης Κατάσταση χαμένου Κατάσταση κατεστραμμένου Μη δανεισμός Σύνολο δανεισμών Ημερομηνία τελευταίας εμφάνισης Η τιμή ισχύει από
Books MC Athens Campus Library MC Athens Campus Library 9780000063250 5296 05/06/2025 158.3 MAL 1           05/06/2025 05/06/2025

MC Athens Campus Library
Πατησίων 94 & Κοδριγκτώνος 13, 104 34
Πελλήνης 8 & Πατησίων 107, 112 51
Τ: +30 210 8899600

MC Thessaloniki Campus Library
Ίωνος Δραγούμη 21, 54625 | Ίωνος Δραγούμη 15, 54625
Τ: +30 2310 287779 – Τ: +30 2314 440300